[Event "Poznan op 26th"]
[Site "Poznan"]
[Date "2018.08.22"]
[Round "5"]
[White "Trochimowicz, Bartosz"]
[Black "Weglarz, Janusz"]
[Result "0-1"]
[WhiteElo "1302"]
[BlackElo "1707"]
[PlyCount "144"]
[EventDate "2018.08.19"]
[EventType "swiss"]
[EventRounds "9"]
[EventCountry "POL"]
[SourceTitle "CBM 186 Extra"]
[Source "ChessBase"]
[SourceDate "2018.08.24"]
[SourceVersion "1"]
[SourceVersionDate "2018.08.24"]
[SourceQuality "1"]

1. d4 Nf6 2. Bg5 e6 3. e3 Be7 4. Bd3 d5 5. c3 Nbd7 6. f4 h6 7. Bh4 c5 8. Nd2 c4 9. Bc2 0-0 10. Ngf3 b5 11. a3 a5 12. 0-0 Bb7 13. Ne5 Ne4 14. Bxe7 Qxe7 15. Rf3 Ndf6 16. Rh3 Rfd8 17. g4 Nxd2 18. Qxd2 Ne4 19. Qe2 f6 20. Ng6 Qf7 21. Bxe4 dxe4 22. f5 Bd5 23. Rg3 b4 24. h4 bxc3 25. bxc3 Rab8 26. Ra2 Rb3 27. g5 fxg5 28. hxg5 Kh7 29. gxh6 gxh6 30. Qh5 Qxf5 31. Qxf5 exf5 32. Ne7 Rb1+ 33. Kh2 f4 34. Nxd5 fxg3+ 35. Kxg3 Rxd5 36. Kf4 Rd7 37. Kxe4 Rb3 38. Rc2 Rxa3 39. d5 Kg7 40. Kd4 Kf6 41. e4 Ra1 42. e5+ Ke7 43. Rh2 Rd1+ 44. Kxc4 R7xd5 45. Rxh6 Rxe5 46. Rh7+ Kd6 47. Rh6+ Kc7 48. Rh7+ Rd7 49. Rh1 Kb7 50. Rb1+ Ka6 51. Rh1 Re4+ 52. Kc5 Rc7+ 53. Kd5 Rec4 54. Rh6+ Kb5 55. Rh1 Rxc3 56. Rb1+ Ka4 57. Kd4 R7c4+ 58. Kd5 Rb4 59. Ra1+ Kb5 60. Rh1 Rc5+ 61. Kd6 Kb6 62. Rh8 Rd4+ 63. Ke6 a4 64. Rb8+ Ka7 65. Rh8 Rb5 66. Rh3 Rb3 67. Rh7+ Ka6 68. Rh8 Ka5 69. Ra8+ Kb4 70. Rb8+ Kc3 71. Rc8+ Rc4 72. Rh8 Kb2 0-1

[Event "Poznan op 26th"]
[Site "Poznan"]
[Date "2018.08.21"]
[Round "4"]
[White "Lakowski, Filip"]
[Black "Trochimowicz, Bartosz"]
[Result "0-1"]
[WhiteElo "1210"]
[BlackElo "1302"]
[PlyCount "54"]
[EventDate "2018.08.19"]
[EventType "swiss"]
[EventRounds "9"]
[EventCountry "POL"]
[SourceTitle "CBM 186 Extra"]
[Source "ChessBase"]
[SourceDate "2018.08.24"]
[SourceVersion "1"]
[SourceVersionDate "2018.08.24"]
[SourceQuality "1"]

1. e4 c5 2. c3 d6 3. d4 cxd4 4. cxd4 Nf6 5. Nc3 Nc6 6. Nf3 Qc7 7. Be2 g6 8. 0-0 Bg7 9. h3 0-0 10. Be3 Bd7 11. Qd2 a6 12. Rac1 Rac8 13. Rfd1 Rfd8 14. Bd3 Qb8 15. Bh6 Bh8 16. Ne2 b5 17. d5 Ne5 18. Nxe5 dxe5 19. Qa5 Qd6 20. Bd2 Ne8 21. Bb4 Qf6 22. Qa3 Nd6 23. Nc3 Ra8 24. Ba5 Rdc8 25. Rd2 h5 26. Bb1 Nc4 27. Qb3 Nxa5 0-1